LIBRARY & INFORMATION CENTRE, KCAET, TAVANUR

ONLINE PUBLIC ACCESS CATALOGUE (OPAC)

Prasad ke natakom ka sashtriya adyayan / (Record no. 8404)

MARC details
000 -LEADER
fixed length control field 00468cam a2200181ua 4500
041 ## - LANGUAGE CODE
Language code of text/sound track or separate title hin
082 ## - DEWEY DECIMAL CLASSIFICATION NUMBER
Classification number 891.54
Item number JAG/PR
100 ## - MAIN ENTRY--AUTHOR NAME
Personal name Jagannath Prasad, Sharma .
245 ## - TITLE STATEMENT
Title Prasad ke natakom ka sashtriya adyayan /
250 ## - EDITION STATEMENT
Edition statement 5 /
260 ## - PUBLICATION, DISTRIBUTION, ETC. (IMPRINT)
Place of publication Varanasi :
Name of publisher Saraswati Mandir ,
Year of publication 1953.
300 ## - PHYSICAL DESCRIPTION
Number of Pages 289 ; .
942 ## - ADDED ENTRY ELEMENTS (KOHA)
Koha item type Books
Holdings
Withdrawn status Lost status Damaged status Home library Current library Date acquired Full call number Accession Number Koha item type
Withdrawn     KAUAET Sanskrit University 07/04/2012 891.54 2763 Books
free website counter